| LEADER 01174nam 2200277 a 4500 |
| 001 12334103464 |
| 003 ULIB |
| 008 030417s2550 th a sb 001 0 tha |
| 020 ^a978-974-03-1724-5
|
| 060 4 ^aHA29.5^bศ452ส 2550
|
| 100 ^aศิริชัย กาญจนวาสี
|
| 245 10 ^aสถิติประยุกต์สำหรับการวิจัย =/^cศิริชัย กาญจนวาสี
|
| 250 ^aพิมพ์ครั้งที่ 1
|
| 260 ^aกรุงเทพฯ :^bภาควิชาวิจัยและจิตวิทยาการศึกษา คณะครุศาสตร์ จุฬาลงกรณ์มหาวิทยาลัย,^c2550
|
| 300 ^a336 หน้า
|
| 650 7 ^aสถิติ
|
| 650 7 ^aสถิติศึกษา
|
| 650 7 ^aพฤติกรรมศาสตร์^xวิจัย
|
| 913 ^aImported by ULIBM Administrator
|
| 949 ^aImport form external file by ULIBM system
|
| 999 ^aอรทัย
|